Responses for show #4652 - Tuesday, November 23, 2004

2004 College Championship final game 2.

Contestants

Ari Schoenholtz, a senior at Williams College from Bethesda, Maryland (subtotal of $2,600)

Rachel McCool, a sophomore at Dickinson College from Pittsburgh, Pennsylvania (subtotal of $2,000)

Kermin Fleming, a junior at Carnegie Mellon University from Lexington, Kentucky (subtotal of $13,800)

Jeopardy! Round responses

MY NAME IS ALEX
MOVIE TITLE TRANSLATIONS
ENGLISH LITERATURE
COLLEGE HODGEPODGE
THE PLANETS
CROSSWORD CLUES "P"
    $200 19
Alexander the Great

Kermin
    $200 16
(Alex: You know it a lot better here as [*].)

50 First Dates

Triple Stumper
    $200 1
Robinson Crusoe

Rachel
    $200 6
(Kermin: What is checkers?)
(Rachel: What is Scrabble?)

chess

KerminRachel
Triple Stumper
    $200 9
Jupiter

Kermin
    $200 21
Plato

Rachel
    $400 20
Alex Haley

Rachel
    $400 17
Black Hawk Down

Ari
    $400 2
Frankenstein

Kermin
    $400 7
quadrangle

Rachel
    $400 12
Saturn

Kermin
    $400 22
(Rachel: What is...)

perpendicular

RachelAri
    $600 25
(Alexandre) Dumas

Rachel
    $600 18
(Ari: What is When Harry Met Sally...?)

City Slickers

KerminAri
    $600 3
(Ari: What is Sons & Lovers?)

Lady Chatterley's Lover

KerminAri
    $600 8
(Ari: What is sophomore?)
...
(Alex: [*]. Yes, this "adjective" and that's why I stressed that word.)

sophomoric

RachelAri
    $600 13
Pluto

Ari
    $600 23
paleontology

Ari
    $800 26
(Alexander) Fleming

Kermin
    $800 28
(Ari: What is [shakes head] Planet of the Apes?)

Hellboy

Ari
Triple Stumper
    $800 4
The Pickwick Papers

Ari
    $800 10
(Rachel: Who is Tennyson?)

Byron

KerminRachel
    $800 14
Venus & Mars

Rachel
    $800 24
Patagonia

Kermin
    $1000 27
(Alex: And that explorer was [*]. The [*] current as a result.)

(Alexander von) Humboldt

Triple Stumper
    $1000 5
Brave New World

Kermin
    $1000 11
Cornell

Kermin
    $1,000 15
Neptune

Rachel

Scores at the first commercial break (after clue 12):

Kermin Rachel Ari
$4,200 $200 -$400

Scores at the end of the Jeopardy! Round:

Kermin Rachel Ari
$6,600 $2,800 $200

Double Jeopardy! Round responses

MARTIN LUTHER KING, JR.
POP CULTURE 2004
METALS
GREECE
(Alex: The Clue Crew spent some time in Greece thanks to the National Geographic Expedition.)
I LEARNED IT ONLINE
FRESHMAN COMPOSITION
    $400 18
(Rachel: What is Methodist?)

Baptist

RachelAri
    $400 11
Hank Aaron

Ari
    $400 1
copper

Kermin
    $400 6
Atlantis

Kermin
    $400 14
Italian

Rachel
    $400 21
a comma

Rachel
    $800 19
the Nobel Peace Prize

Rachel
    $800 12
Apple

Ari
    $800 2
titanium

Kermin
    $800 7
Apollo

Ari
    $800 15
a helicopter

Ari
    $800 23
(Kermin: What is critique?)
(Rachel: What is critical? [originally ruled incorrect])

argumentative

KerminRachel
    $1200 27
Gandhi

Ari
    $1200 13
Richard Simmons

Kermin
    $800 3
lead

Kermin
    $1200 8
the Acropolis

Kermin
    $1200 16
Transportation

Ari
    $8,200 30
(Ari: What is diary?)

journal

Ari
    $1600 25
Memphis

Ari
    $1600 20
Snoop Dogg

Kermin
    $1600 4
tin

Triple Stumper
    $1600 9
Sophocles

Ari
    $1600 17
(Ari: Who is Herschel?)

Sir Edmond Halley

KerminAri
    $1600 28
redundancy

Triple Stumper
    $2000 26
Lincoln Memorial

Ari
    $2000 24
Dynamite

Ari
    $2000 5
aluminum

Kermin
    $2000 10
(Kermin: What is ionic?)

doric

KerminRachel
    $2000 22
(Ari: What is heart disease?)
(Rachel: What is an aneurysm?)

high blood pressure

RachelAri
Triple Stumper
    $2000 29
diction

Ari

Scores at the end of the Double Jeopardy! Round:

Kermin Rachel Ari
$13,800 $4,800 $3,200
(lock tournament)

[wagering suggestions for these scores]

Final Jeopardy! Round responses

STATE FACTS
(Alex: The state and its capital were named for James, who was Duke of York and Albany.)
AriWhat is Harrisburg, PA?
$1,001
RachelWhat is Virginia?
$4,000
KerminWhat is ?
$447
New York

Final scores:

Kermin Rachel Ari
$13,353 $800 $2,199

Cumulative scores:

Kermin Rachel Ari
$27,153 $2,800 $4,799
Tournament champion: $100,000, a Volkswagen Beetle, and a trophy 2nd runner-up: $25,000 1st runner-up: $50,000

Game dynamics:

Coryat scores:

Kermin Rachel Ari
$14,200 $4,800 $11,400
20 R
(including 1 DD),
3 W
13 R
(including 1 DD),
5 W
17 R,
7 W
(including 1 DD)

Combined Coryat: $30,400

The J! Archive is created by fans, for fans. The Jeopardy! game show and all elements thereof, including but not limited to copyright and trademark thereto, are the property of Jeopardy Productions, Inc. and are protected under law. This website is not affiliated with, sponsored by, or operated by Jeopardy Productions, Inc. Join the discussion at JBoard.tv.